Accountability and Social Accounting For Social and Non-Profit Organizations (Record no. 1428965)

MARC details
000 -LEADER
fixed length control field 00791nam a22002297a 4500
003 - CONTROL NUMBER IDENTIFIER
control field OSt
005 - DATE AND TIME OF LATEST TRANSACTION
control field 20250521160801.0
008 - FIXED-LENGTH DATA ELEMENTS--GENERAL INFORMATION
fixed length control field 250521b |||||||| |||| 00| 0 eng d
020 ## - INTERNATIONAL STANDARD BOOK NUMBER
International Standard Book Number 9781784410056
040 ## - CATALOGING SOURCE
Transcribing agency rda
100 ## - MAIN ENTRY--PERSONAL NAME
Personal name Costa, Ericka.,
Relator term editor
9 (RLIN) 809237
245 ## - TITLE STATEMENT
Title Accountability and Social Accounting For Social and Non-Profit Organizations
Statement of responsibility, etc. edited by Ericka Costa, Lee D. Parker and Michele Andreaus
260 ## - PUBLICATION, DISTRIBUTION, ETC.
Place of publication, distribution, etc. U.K.:
Name of publisher, distributor, etc. emerald,
Date of publication, distribution, etc. 2014.
300 ## - PHYSICAL DESCRIPTION
Extent xiv,287p.
490 ## - SERIES STATEMENT
Volume/sequential designation v.17
Series statement Advances in Public Interest Accounting
500 ## - GENERAL NOTE
General note Series: Cheryl R. Lehman
504 ## - BIBLIOGRAPHY, ETC. NOTE
Bibliography, etc. note References: Louis Beaubien, Enrico Bracci
650 ## - SUBJECT ADDED ENTRY--TOPICAL TERM
Source of heading or term Accounting
700 ## - ADDED ENTRY--PERSONAL NAME
Personal name Parker, Lee D..,
Relator term editor
9 (RLIN) 809238
700 ## - ADDED ENTRY--PERSONAL NAME
Personal name Andreaus, Michele.,
Relator term editor
9 (RLIN) 809239
942 ## - ADDED ENTRY ELEMENTS (KOHA)
Source of classification or shelving scheme Colon Classification (CC)
Koha item type General Books
Edition 1
Suppress in OPAC No
Holdings
Withdrawn status Lost status Source of classification or shelving scheme Damaged status Not for loan Home library Current library Shelving location Date acquired Cost, normal purchase price Total Checkouts Full call number Barcode Date last seen Koha item type
    Colon Classification (CC)     Faculty of Management Library Faculty of Management Library General Stacks 2020-08-27 174.99   X:8F Q4 ML1635380 2025-05-21 General Books
Copyright @ Delhi University Library System